Quick Pick: 2Pac Albums Quiz Stats

 Plays Quiz Updated Mar 28, 2019

Score 0/10 Timer 01:00
0 Plays Today
% Correct
All Eyez on Me
91.3%
2Pacalypse Now
87.4%
Me Against the World
82.4%
Pac's Life
80.4%
Thug Life: Volume 1
79.1%
Better Dayz
72.3%
R U Still Down? (Remember Me)
71.7%
The Don Killuminati: The 7 Day Theory
70.5%
Until the End of Time
61.5%
Loyal to the Game
59.3%

Today's Daily Dose

Missing Word
1940s A-Z

Quick Pick
'S' Athletes

Get the Picture
Depp or Bonham Carter

You're not logged in!

Compare scores with friends on all Sporcle quizzes.
OR
Log In

Sporcle TV

Today on Sporcle TV


Watch our educational content, quiz creation guides, and fun videos on Sporcle TV.

Show Comments

Extras

Top Quizzes Today


Score Distribution

Your Account Isn't Verified!

In order to create a playlist on Sporcle, you need to verify the email address you used during registration. Go to your Sporcle Settings to finish the process.

Report this User

Report this user for behavior that violates our Community Guidelines.

Details: